Statistics for Hells Kitchen Season 8 Contestants

Click here to take the quiz!

General Stats

  • This quiz has been taken 41 times
  • The average score is 14 of 16

Answer Stats

HintAnswer% Correct
WinnerNona Sivley
96%
Runner upRussell Kook
96%
13thRaj Brandstone
93%
6thSabrina Brimhall
93%
4thTrev Mcgrath
93%
5thGail Novenario
89%
3rdJillian Flathers
89%
8thRob McCue
85%
7thVinny Acardi
85%
16thAntonia Boregman
81%
9thBoris Poleschuk
81%
10thMelissa Doney
81%
14thLewis Curtis
78%
11thEmily Kutchins
74%
15thLisa LaFranca
70%
12thLouis Repucci
70%

Score Distribution

Percentile by Number Answered

Percent of People with Each Score

Your Score History

You have not taken this quiz